Guess the BFB Contestants Quiz #2 - Statistics

General Stats
  • This quiz has been taken 185 times
  • The average score is 20 of 21
Answer Stats
Picture Hint Answer % Correct
"-attached to a gian-" Bell
99%
"Like, there is no tomorrow." Black Hole
97%
"WELL, MY spiritual connection with Loser is STRONGER." Cake
97%
'Heehee, stop moving around!" Bottle
96%
"Watchers are wannabes." Clock
95%
"Which IS??" Eraser
95%
"You know she can't do that, right?" Flower
95%
"-or EATEN by Gelatin." Fries
95%
"Get onto Puffball, A.S.A.P!" Golfball
95%
No, like, I'm not _____, I'm like, a TREE." Match
95%
"I found my next adventure..." Liy
94%
"Later haters :(" Pen
94%
"It's no big deal either way..." Pie
94%
"Where's my invita-" Pin
94%
"Only one.. way.. to find OuT... *throw*" Remote
93%
"The Strongest Team on Earth!" Snowball
93%
"No! One seat is one seat... aNd uHh--" Spongy
93%
"-of this stupid JAWBREAKER" >:( Taco
93%
"aHhh~ Just right..." Tree
93%
"But can you do this? >:3" Naily
92%
"nO... It's TrUe!" Marker
91%
No matching quizzes found
Score Distribution
Percent of People with Each Score
Percentile by Number Answered
Your Score History
You have not taken this quiz